<?xml version="1.0" encoding="UTF-8"?><?xml-stylesheet type="text/xsl" href="static/style.xsl"?><OAI-PMH xmlns="http://www.openarchives.org/OAI/2.0/" xmlns:xsi="http://www.w3.org/2001/XMLSchema-instance" xsi:schemaLocation="http://www.openarchives.org/OAI/2.0/ http://www.openarchives.org/OAI/2.0/OAI-PMH.xsd"><responseDate>2026-04-17T00:38:57Z</responseDate><request verb="GetRecord" identifier="oai:www.recercat.cat:2117/102214" metadataPrefix="marc">https://recercat.cat/oai/request</request><GetRecord><record><header><identifier>oai:recercat.cat:2117/102214</identifier><datestamp>2025-07-17T09:52:02Z</datestamp><setSpec>com_2072_1033</setSpec><setSpec>col_2072_452950</setSpec></header><metadata><record xmlns="http://www.loc.gov/MARC21/slim" xmlns:dcterms="http://purl.org/dc/terms/" xmlns:xsi="http://www.w3.org/2001/XMLSchema-instance" xmlns:doc="http://www.lyncode.com/xoai" xsi:schemaLocation="http://www.loc.gov/MARC21/slim http://www.loc.gov/standards/marcxml/schema/MARC21slim.xsd">
   <leader>00925njm 22002777a 4500</leader>
   <datafield ind2=" " ind1=" " tag="042">
      <subfield code="a">dc</subfield>
   </datafield>
   <datafield ind2=" " ind1=" " tag="720">
      <subfield code="a">Bonafonte Cávez, Antonio</subfield>
      <subfield code="e">author</subfield>
   </datafield>
   <datafield ind2=" " ind1=" " tag="720">
      <subfield code="a">Ros Majó, Xavier</subfield>
      <subfield code="e">author</subfield>
   </datafield>
   <datafield ind2=" " ind1=" " tag="720">
      <subfield code="a">Mariño, José B.</subfield>
      <subfield code="e">author</subfield>
   </datafield>
   <datafield ind2=" " ind1=" " tag="260">
      <subfield code="c">1993</subfield>
   </datafield>
   <datafield ind2=" " ind1=" " tag="520">
      <subfield code="a">Hidden Markov Modeling (HMM) techniques have been applied successfully to speech analysis. However, it has been claimed [1-7] that a major weakness of HMM is that the state duration probability density functions (SDPDF) are exponential, which is not appropriate for modelling speech events. In order to cope with this deficiency some authors have proposed to model explicitly the state duration. In these models the first order Markov hypothesis is broken in the loop transitions. Thus, the new models have been called Hidden Semi-Markov Models (HSMM). Different solutions have been proposed being the main common drawback the increase of the computational time by a factor D, being D the maximum time allowed in each state. In this paper a modified Viterbi algorithm which finds the best state sequence of HSMM is proposed. The proposed algorithm deals with log-convex parametric SDPDF. The log-convex property is fulfilled by the parametric functions usually applied. This method increases the computational burden with respect to conventional HMM by an empirical factor of just 3.2 without losing optimality and without increasing the storage with respect to other approaches. A more efficient algorithm is presented for the case that the duration of the states is modeled by bounded functions.</subfield>
   </datafield>
   <datafield ind2=" " ind1=" " tag="520">
      <subfield code="a">Peer Reviewed</subfield>
   </datafield>
   <datafield ind2=" " ind1=" " tag="520">
      <subfield code="a">Postprint (published version)</subfield>
   </datafield>
   <datafield tag="653" ind2=" " ind1=" ">
      <subfield code="a">Àrees temàtiques de la UPC::Enginyeria de la telecomunicació</subfield>
   </datafield>
   <datafield tag="653" ind2=" " ind1=" ">
      <subfield code="a">Telecommunication</subfield>
   </datafield>
   <datafield tag="653" ind2=" " ind1=" ">
      <subfield code="a">Telecomunicació</subfield>
   </datafield>
   <datafield ind2="0" ind1="0" tag="245">
      <subfield code="a">An efficient algorithm to find the best state sequence in HSMM</subfield>
   </datafield>
</record></metadata></record></GetRecord></OAI-PMH>